Bzrp Music Sessions #53 letras - Estadísticas

Estadísticas generales
  • Esta prueba ha sido intentada 226 veces
  • La puntuación promedio es 248 de 360
Estadísticas de respuestas
Respuesta % Correcto
a
97%
no
95%
NO
95%
y
95%
Y
95%
que
93%
QUE
93%
(pa'
91%
pa'
91%
PA
91%
pa
91%
PA'
91%
( pa
91%
te
91%
TE
91%
ti
91%
tu
91%
tu)
91%
TU
91%
es
90%
ES
90%
como
89%
COMO
89%
de
89%
yo
89%
YO
89%
un
88%
UN
88%
la
86%
tipos
86%
TIPOS
86%
esta
84%
ESTA
84%
lo
84%
por
83%
con
81%
me
80%
una
80%
UNA
80%
loba
78%
LOBA
78%
perdon
78%
YA
76%
ya
76%
claraMENTE
74%
igualita
74%
en
70%
mas
70%
SALPIQUE
70%
estas
69%
eso
68%
grande
68%
las
68%
LAS
68%
avion
66%
buena
66%
cogi
66%
otro
66%
persona
66%
suena
66%
mi
65%
quiero
65%
tiene
65%
aqui
64%
nombre
64%
baby
63%
hace
63%
mujeres
63%
MUJERES
63%
ni
62%
otra
62%
peor
62%
rato
62%
tan
62%
version
62%
decepcion
61%
lloran
61%
necesitaba
61%
quede
61%
sorry
60%
suegra
60%
cuando
59%
esto
59%
FACTURAN
59%
vuelvo
59%
campeon
58%
Hacienda
58%
puerta
58%
vecina
58%
deuda
57%
ese
57%
gato
57%
dejaste
56%
novatos
53%
tanto
52%
Casio
51%
debi
51%
prensa
51%
REGRESO
51%
contigo
50%
mortifiques
49%
solo
49%
botar
48%
diste
47%
hago
47%
llores
47%
musica
47%
Rolex
47%
supliques
47%
CREISTE
45%
cambiaste
43%
CRITIQUEN
43%
CULPA
43%
ENTENDI
43%
heriste
43%
mastiques
43%
MIA
43%
PERO
42%
tragues
42%
del
41%
Ferrrari
41%
volviste
41%
EL
40%
das
38%
paso
38%
twingo
38%
si
36%
bien
35%
DOS
35%
al
34%
VEINTIDOS
34%
gimnasio
32%
se
32%
bebe
31%
amor
30%
CEREBRO
30%
valgo
29%
caso
28%
cero
28%
deseo
28%
mucho
28%
rencor
28%
TAMBIEN
28%
tambien ;)
28%
ven
28%
aca
26%
hay
26%
despacio
24%
hazme
24%
odio
24%
POQUITO
24%
raro
24%
TRABAJA
24%
vuelvas
24%
dale
22%
distingo
22%
ella
22%
vas
22%
reemplazo
21%
acelerao
20%
ah
19%
donde
18%
fotos
17%
'tas
14%
todo
14%
venga
14%
desocupo
13%
rehen
13%
siento
13%
manana
11%
quieres
11%
traertela
9%
duras
7%
tu-u-u-u
5%
chau:)
3%
supesto
2%
vata
0%
No se encontraron pruebas coincidentes
Distribución de puntuación
Porcentaje de gente con cada puntuación
Porcentaje por número respondido
Historial de tus puntuaciones
No has intentado esta prueba.